Science Quiz

Random Science or Biology Quiz
Score 0/25 Timer 08:00
5 Plays Today
% Correct
Emperor Scorpion
92.5%
African Elephant
92.4%
Reticulated Giraffe
91.4%
Rockhopper Penguin
88.3%
Spicebush Swallowtail Butterfly
87.9%
American Alligator
86.6%
Caribou
86.2%
Eastern Gray Kangaroo
86.1%
Hippopotamus
85.2%
Galapagos Giant Tortoise
84.1%
Giant Anteater
84%
Koala
82.7%
Three-toed Sloth
82.6%
% Correct
Leopard Slug
76.6%
Blue Poison Dart Frog
74%
Northern Cardinal
71.6%
Coyote
68%
Komodo Dragon
65.1%
Snow Leopard
57.9%
Peregrine Falcon
56.5%
Capybara
50.3%
Great Blue Heron
47.1%
Malayan Tapir
44.6%
Cassowary
33.5%
Giant Pangolin
31.5%
Remove Ads.
Support Sporcle.
Get the best of Sporcle when you Go Orange. This ad-free experience offers more features, more stats, and more fun while also helping to support Sporcle. Thank you for becoming a member.

You're not logged in!

Compare scores with friends on all Sporcle quizzes.
OR
Log In

Show Comments

Extras

Top Quizzes Today


Score Distribution

Your Account Isn't Verified!

In order to create a playlist on Sporcle, you need to verify the email address you used during registration. Go to your Sporcle Settings to finish the process.

Report this User

Report this user for behavior that violates our Community Guidelines.

Details: